| 000 | 00551nam a2200193Ia 4500 | ||
|---|---|---|---|
| 005 | 20221213122318.0 | ||
| 008 | 131103s9999 xx 000 0 und d | ||
| 040 | _aLoreto College | ||
| 041 | _aEnglish | ||
| 082 |
_a813.09 _bGEI |
||
| 100 | _aGeismar,Maxwell | ||
| 245 |
_aWriters in crisis _b the American novel,1925 - 1940 _cMaxwell Geismar |
||
| 260 |
_aBoston _bHoughton Mifflin _c1947 |
||
| 300 | _ax,308 p. | ||
| 504 | _aIncludes index | ||
| 650 | _aAmerican Fiction - History and Criticism,1925 - 1940 | ||
| 850 | _aLCLIB | ||
| 942 | _cBK | ||
| 999 |
_c11790 _d62269 |
||